000 00869 a2200193 4500
010 _aENG-85695
020 _c170.00
035 _aEN-69228
037 _bD.B.Act / Pub
082 1 4 _a000
090 _c3361
_d3361
100 1 _aPandey, Ravindra
245 1 _aR. Gupta's popular master guide health insspector / malaria inspector recruitment exam
_cby Ravindra Pandey
_bexamination conducted by Railway recruitment, DSSSB, MCD, NDMC, BMC, Cantonment Boards, and other major hospitals of India
260 _aNew Delhi
_bRamesh Publishing House
_c2008
270 _a12-H, New Darya Ganj Road, Opp. Traffic Kotwali
_bNew Delhi
_cDelhi :
_e110002
_k23261647
_l23275124
_minfo@rameshpublishinghouse.com
300 _avarious pagings
_c23 cm (pbk)
942 _adpl
_cEN
_k000 / PAN
999 _c3294
_d3294